000 00290nam a22001337a 4500
008 170726b xxu||||| |||| 00| 0 eng d
020 _a9780137696390
041 _aeng
080 _a004
100 _a30
101 _aSHK
245 _aBUILDING A DATA WAREHOUSE
_cPOE,V
942 _2udc
_cBK
999 _c21936
_d21936